Rubber breeding (Record no. 53018)

MARC details
000 -LEADER
fixed length control field 00457nam a2200145Ia 4500
100 ## - MAIN ENTRY--AUTHOR NAME
Personal name Varghese Y.A.
245 #0 - TITLE STATEMENT
Title Rubber breeding
260 ## - PUBLICATION, DISTRIBUTION, ETC. (IMPRINT)
Name of publisher Proceedings of the Seminar on Strategies of Tree Breeding in Kerala, Kariavattom, University of Kerala, India, pp. 11-21.
Year of publication 1997
650 ## - SUBJECT ADDED ENTRY--TOPICAL TERM
Topical Term Breeding
650 ## - SUBJECT ADDED ENTRY--TOPICAL TERM
Topical Term Crop improvement
700 ## - ADDED ENTRY--PERSONAL NAME
Personal name Saraswathyamma C.K.
700 ## - ADDED ENTRY--PERSONAL NAME
Personal name Sethuraj M.R.
942 ## - ADDED ENTRY ELEMENTS (KOHA)
Koha item type Bibliography STAF
Holdings
Withdrawn status Lost status Damaged status Not for loan Home library Current library Date acquired Koha item type
      Bibliography RRII Library RRII Library 09/04/2014 Bibliography STAF